UBT Library

The Bedford handbook for writers / (Record no. 45196)

000 -LEADER
fixed length control field 00635cam a2200217 a 4500
001 - CONTROL NUMBER
control field 2455555
005 - DATE AND TIME OF LATEST TRANSACTION
control field 20180316043158.0
008 - FIXED-LENGTH DATA ELEMENTS--GENERAL INFORMATION
fixed length control field 891108s1991 mau k 001 0 eng
010 ## - LIBRARY OF CONGRESS CONTROL NUMBER
LC control number 89063901
020 ## - INTERNATIONAL STANDARD BOOK NUMBER
International Standard Book Number 0312035888 (Instructor's annotated ed.)
040 ## - CATALOGING SOURCE
Original cataloging agency DLC
Transcribing agency DLC
Modifying agency DLC
041 ## - LANGUAGE CODE
Language code of text/sound track or separate title eng
080 ## - UNIVERSAL DECIMAL CLASSIFICATION NUMBER
Universal Decimal Classification number 428.2
082 00 - DEWEY DECIMAL CLASSIFICATION NUMBER
Classification number 428.2 HAC
Edition number 20
100 1# - Rafti
Rafti 25
101 ## - Shkurtesa
Shkurtesa EDU
245 14 - TITLE STATEMENT
Title The Bedford handbook for writers /
Statement of responsibility, etc Diana Hacker.
906 ## - LOCAL DATA ELEMENT F, LDF (RLIN)
a 7
b cbc
c orignew
d 2
e opcn
f 19
g y-gencatlg
942 ## - ADDED ENTRY ELEMENTS (KOHA)
Source of classification or shelving scheme
Item type Books
Holdings
Withdrawn status Lost status Source of classification or shelving scheme Damaged status Not for loan Collection code Permanent location Current location Shelving location Date acquired Total Checkouts Full call number Barcode Date last seen Price effective from Koha item type
          Koleksioni i përgjithshem UBT - Lipjan UBT - Lipjan Koleksioni i lëndeve mesimore 03/16/2018   428.2 HAC 002-3002306 03/16/2018 03/16/2018 Books
UBT Library © 2015-2024. All rights reserved University Education for Business and Technology